书目信息 |
| 题名: |
建筑施工科技创新指南
|
|
| 作者: | 张希舜 , 荆常俊 主编 | |
| 分册: | ||
| 出版信息: | 北京 中国建筑工业出版社 2016 |
|
| 页数: | 290页 | |
| 开本: | 26cm | |
| 丛书名: | ||
| 单 册: | ||
| 中图分类: | TU74-62 | |
| 科图分类: | ||
| 主题词: | 建筑工程--工程施工--技术革新--指南 | |
| 电子资源: | ||
| ISBN: | 978-7-112-18354-8 | |
| 000 | 01017nam0 2200241 450 | |
| 001 | 0100004475 | |
| 005 | 20191105105512.00 | |
| 010 | @a978-7-112-18354-8@dCNY63.00 (含光盘) | |
| 010 | @a978-7-89475-445-5@b光盘 | |
| 100 | @a20160601d2016 em y0chiy50 ea | |
| 101 | 0 | @achi |
| 102 | @aCN@b110000 | |
| 105 | @aa z 000yy | |
| 200 | 1 | @a建筑施工科技创新指南@Ajian zhu shi gong ke ji chuang xin zhi nan@f张希舜,荆常俊主编 |
| 210 | @a北京@c中国建筑工业出版社@d2016 | |
| 215 | @a290页@c图@d26cm@e光盘1片 | |
| 330 | @a全书共包括6篇内容,分别是:科技创新的重要性及作用;建筑施工科技创新项目内容;技术创新中心;科技创新管理体系;山东省建筑业“十佳技术创新”企业实例;政策法规。限于本书篇幅所限,作者在书中所例举的部分案例内容收录于随书的光盘中,读者可直接调取阅读、使用。 | |
| 606 | 0 | @a建筑工程@x工程施工@x技术革新@j指南 |
| 690 | @aTU74-62@v5 | |
| 701 | 0 | @a张希舜@c(建筑工程)@4主编@Azhang xi shun |
| 701 | 0 | @a荆常俊@4主编@Ajing chang jun |
| 801 | 0 | @aCN@c20160515 |
| 905 | @a河南城建学院图书馆@dTU74-62@eZ206 | |
| 建筑施工科技创新指南/张希舜,荆常俊主编.-北京:中国建筑工业出版社,2016 |
| 290页:图;26cm+光盘1片 |
| ISBN 978-7-112-18354-8:CNY63.00 (含光盘) |
| 全书共包括6篇内容,分别是:科技创新的重要性及作用;建筑施工科技创新项目内容;技术创新中心;科技创新管理体系;山东省建筑业“十佳技术创新”企业实例;政策法规。限于本书篇幅所限,作者在书中所例举的部分案例内容收录于随书的光盘中,读者可直接调取阅读、使用。 |
| ● |
| 相关链接 |
|
|
|
正题名:建筑施工科技创新指南
索取号:TU74-62/Z206
 
预约/预借
| 序号 | 登录号 | 条形码 | 馆藏地/架位号 | 状态 | 备注 |
| 1 | 1232330 | 212323305 | 建筑库201/201建筑库 108排7列4层/ [索取号:TU74-62/Z206] | 在馆 | |
| 2 | 1232331 | 212323314 | 建筑库201/201建筑库 108排7列4层/ [索取号:TU74-62/Z206] | 在馆 | |
| 3 | 1232332 | 212323323 | 建筑库201/201建筑库 108排7列4层/ [索取号:TU74-62/Z206] | 在馆 | |
| 4 | 1283789 | 212837894 | 建筑库201/201建筑库 108排7列4层/ [索取号:TU74-62/Z206] | 在馆 | |
| 5 | 1283790 | 212837901 | 建筑库201/201建筑库 108排7列4层/ [索取号:TU74-62/Z206] | 在馆 | |
| 6 | 1283791 | 212837910 | 建筑库201/201建筑库 108排7列4层/ [索取号:TU74-62/Z206] | 在馆 | |
| 7 | 1304742 | 213047424 | 建筑库201/201建筑库 108排7列4层/ [索取号:TU74-62/Z206] | 在馆 |